Action de la Communauté Européenne en faveur de l'aide aux populations déracinées d'Asie et d'Amerique Latine

Na minha lista:
Detalhes bibliográficos
Autor Corporativo: European Commission
Formato: Livro
Idioma:francês
Publicado em: Luxembourg Office des publications officielles des Communautés européennes 2002
Assuntos:
Tags: Adicionar Tag
Sem tags, seja o primeiro a adicionar uma tag!

MARC

LEADER 00000nam$a2200000$$$4500
001 0056461
005 20221129100754.4
020 |a 92-894-1986-5 
041 0 |a fre 
044 |a LU 
245 1 0 |a Action de la Communauté Européenne en faveur de l'aide aux populations déracinées d'Asie et d'Amerique Latine 
264 1 |a Luxembourg  |b Office des publications officielles des Communautés européennes  |c 2002 
300 |a 32 s. 
610 2 0 |a pomoc medzinárodná 
610 2 0 |a pomoc finančná 
610 2 0 |a pomoc hospodárska 
610 2 0 |a Európske spoločenstvá 
610 2 0 |a Ázia 
610 2 0 |a Latinská Amerika 
710 2 |a European Commission